Library of the University of Algiers 3
Ibrahim Sultan Cheibout
شعار جامعة الجزائر 3
مكتبة جامعة الجزائر 3
إبراهيم سلطان شيبوط

دراسات متقدمة في مجال المحاسبة المالية / (رقم التسجيلة. 42427)

تفاصيل مارك
000 -LEADER
fixed length control field 01949nam a2200229Ia 4500
003 - CONTROL NUMBER IDENTIFIER
control field Ost
005 - DATE AND TIME OF LATEST TRANSACTION
control field 20260507075033.0
008 - FIXED-LENGTH DATA ELEMENTS--GENERAL INFORMATION
fixed length control field 260507s9999||||xx |||||||||||||| ||und||
040 ## - CATALOGING SOURCE
Transcribing agency fsecg
041 ## - LANGUAGE CODE
Language code of text/sound track or separate title ara
082 ## - DEWEY DECIMAL CLASSIFICATION NUMBER
Classification number 330
100 ## - MAIN ENTRY--PERSONAL NAME
Personal name أبو المكارم، وصفي عبد الفتاح
Relator term مؤلف
245 #0 - TITLE STATEMENT
Title دراسات متقدمة في مجال المحاسبة المالية /
Statement of responsibility, etc. وصفي عبد الفتاح أبو المكارم
250 ## - EDITION STATEMENT
Edition statement طبعة 2
260 ## - PUBLICATION, DISTRIBUTION, ETC.
Place of publication, distribution, etc. الإسكندرية:
Name of publisher, distributor, etc. دار الجامعة الجديدة,
Date of publication, distribution, etc. 2004
300 ## - PHYSICAL DESCRIPTION
Extent 826 صفحة؛
Other physical details إيضاحات ؛
Dimensions 24 سم
520 ## - SUMMARY, ETC.
Summary, etc. تحليل مصادر المعرفة المحاسبية- مقومات النظرية المحاسبية- الإطار النظري للمحاسبة المالية وفقا امعايير ومبادئ المحاسبة المتعارف عليها-العلاقة المفقودة بين الإفصاح المحاسبي وطبقة القياس والإتصال المحاسبي- إدارة المكاسب وتسوية الأرباح خلال الفترة المحاسبية من منظور إقتصادي وأخلاقي- كيفية المحاسبة عن إنخفاض الحاد في قيم الأصول طويلة الأجل- المنظور المحاسبي لتأجيرالتمويل- الأصول-إعداد القوائم المالية والمتغيرات في الأسعار- تحليل وتقييم فعالية تجانس المعايير المحاسبة الدولية في تحقيق خاصية القابلة للمقارنة- قائمة التدفقات- إندماج الشركات- المحاسبة عن العمليات التي تنطوي على عملات أجنبية- التقارير المالية القطاعية والدولية
653 ## - INDEX TERM--UNCONTROLLED
Uncontrolled term المالية العامة- المحاسبة
653 ## - INDEX TERM--UNCONTROLLED
Uncontrolled term المحاسبة
653 ## - INDEX TERM--UNCONTROLLED
Uncontrolled term المحاسبة التحليلية
942 ## - ADDED ENTRY ELEMENTS (KOHA)
Koha item type كتب
المقتنيات
Withdrawn status Lost status Source of classification or shelving scheme Damaged status Not for loan Home library Current library Date acquired Serial enumeration / chronology Inventory number Total checkouts Full call number Barcode Date last seen Price effective from Koha item type
    Dewey Decimal Classification   NOT LOAN / إعارة داخلية مكتبة كلية العلوم الإقتصادية والعلوم التجارية وعلوم التسيير مكتبة كلية العلوم الإقتصادية والعلوم التجارية وعلوم التسيير 07/05/2026 الطابق الأرضي 1/271   أ/271ن1 1/271 07/05/2026 07/05/2026 كتب
    Dewey Decimal Classification   Available مكتبة كلية العلوم الإقتصادية والعلوم التجارية وعلوم التسيير مكتبة كلية العلوم الإقتصادية والعلوم التجارية وعلوم التسيير 07/05/2026 الطابق الأرضي 2/271   أ/271ن2 2/271 07/05/2026 07/05/2026 كتب
    Dewey Decimal Classification   Available مكتبة كلية العلوم الإقتصادية والعلوم التجارية وعلوم التسيير مكتبة كلية العلوم الإقتصادية والعلوم التجارية وعلوم التسيير 07/05/2026 الطابق الثاني 3/271   أ/271ن3 3/271 07/05/2026 07/05/2026 كتب

موارد الويب المفتوحة


© University of Algiers 3 All Rights Reserved
|
Implemented by LECHELAH Riad